000 00481nam a2200181Ia 4500
008 220531s9999 xx 000 0 und d
041 _amar
100 _aताटके नीलम
_964602
245 _aसंशोधन करताना
250 _a1ST
260 _aPune
_bDiamand
_c2008
300 _a88
542 _d21-10-2015
551 _aSociology
_bGrantable-SCO
650 _aResearch Methodology
_964603
906 _d2015-2016
999 _c36615
_d36615